BIOLOGIA Y MORAL/

TRADUCCION DE: BOLOGIE ET MORALE

Furkejuvvon:
Bibliográfalaš dieđut
Váldodahkki: Chauchard, Paul (autor)
Materiálatiipa: Girji
Ráidu:PSICOLOGIA-MEDICINA-PASTORAL 36
Fáddágilkorat: Lasit fáddágilkoriid
Eai fáddágilkorat, Lasit vuosttaš fáddágilkora!

MARC

LEADER 00000nam^a2200000^a^4500
001 000201910
005 20250521000000.0
009 20260310102923.163
035 |a 006135 
037 |a Acervo Xavier Clavigero 
082 |a 252. 2  |b CHA 
100 |a Chauchard, Paul  |e (autor) 
245 1 0 |a BIOLOGIA Y MORAL/  |c PAUL CHAUCHARD; TR. MARTIN EZCURDIA 
264 |a MADRID :  |b FAX,  |c 1964 
300 |a 237p. 
336 |a texto  |b txt  |2 rdacontenido 
337 |a sin mediación  |b n  |2 rdamedio 
338 |a volumen  |b nc  |2 rdasoporte 
440 |a PSICOLOGIA-MEDICINA-PASTORAL 36 
520 |a TRADUCCION DE: BOLOGIE ET MORALE 
520 |a INCLUYE BIBLIOGRAFIA 
649 |a XX 
910 |a Fondo General 
920 |a Impresos - Libros 
930 |a Colección General 
905 |a 101 
901 |a 006135  |b IT1  |c ACC  |i 006135  |u 20250521 
902 |a https://opac.biblio.iteso.mx/vufind/Record/000201910